Sports Quiz

Random Sports or Basketball Quiz

NBA Finals MVP's (slideshow) Quiz Stats

Quiz not verified by Sporcle

Challenge
Share
Tweet
Score 0/28 Timer 05:00
0 Plays Today
% Correct
Kobe Bryant
95.6%
Tim Duncan
95.1%
Dwyane Wade
94.9%
Shaquille O'Neal
94.6%
LeBron James
93%
Larry Bird
92.8%
Magic Johnson
92.5%
Chauncey Billups
90.9%
Hakeem Olajuwon
89%
Kareem Abdul-Jabbar
88.1%
Paul Pierce
87.9%
Michael Jordan
82.9%
Jerry West
82.9%
Tony Parker
80.4%
% Correct
Bill Walton
78.7%
Joe Dumars
76.4%
Dirk Nowitzki
73.1%
John Havlicek
68%
James Worthy
66.4%
Wes Unseld
57.2%
Moses Malone
56.1%
Isiah Thomas
53.3%
Willis Reed
50%
Wilt Chamberlain
48.1%
Rick Barry
41.6%
Jo Jo White
38.1%
Cedric Maxwell
32.2%
Dennis Johnson
22%

You're not logged in!

Compare scores with friends on all Sporcle quizzes.
Sign Up with Email
OR
Log In

You Might Also Like...

Show Comments

Extras

Top Quizzes Today


Score Distribution

Your Account Isn't Verified!

In order to create a playlist on Sporcle, you need to verify the email address you used during registration. Go to your Sporcle Settings to finish the process.